Khảo sát khả năng suy luận trừu tượng của học sinh chuyên toán ở một số trường Trung học phổ thông tại Thành phố Hồ Chí Minh
Sparad:
| Huvudupphovsman: | |
|---|---|
| Materialtyp: | Bok |
| Språk: | Undetermined |
| Ämnen: | |
| Länkar: | http://lrc.tdmu.edu.vn/opac/search/detail.asp?aID=2&ID=23014 |
| Taggar: |
Lägg till en tagg
Inga taggar, Lägg till första taggen!
|
| Thư viện lưu trữ: | Trung tâm Học liệu Trường Đại học Thủ Dầu Một |
|---|
| LEADER | 00830nam a2200145Ia 4500 | ||
|---|---|---|---|
| 001 | TDMU_23014 | ||
| 008 | 210410s9999 xx 000 0 und d | ||
| 082 | |a 373.238 | ||
| 100 | |a Đoàn, Văn Điều | ||
| 245 | 0 | |a Khảo sát khả năng suy luận trừu tượng của học sinh chuyên toán ở một số trường Trung học phổ thông tại Thành phố Hồ Chí Minh | |
| 245 | 0 | |c Đoàn Văn Điều | |
| 300 | |a tr.87-94 | ||
| 650 | |a Trung học phổ thông; Học sinh chuyên toán ; Kinh nghiệm học tập ; Khảo sát ; Thành phố Hồ Chí Minh ; Khả năng suy luận trừu tượng ; Giáo dục | ||
| 856 | |u http://lrc.tdmu.edu.vn/opac/search/detail.asp?aID=2&ID=23014 | ||
| 980 | |a Trung tâm Học liệu Trường Đại học Thủ Dầu Một | ||